00318nam a2200121Ia 4500008004100000082001000041100001600051245002800067260003700095300000800132630002800140730002800168100204s9999 xx 000 0 und d b21922 aCHILD CRAFT aSTORIES & POEMS - VOL I b"WWORLD BOOK INC, CHICAGO"c1980 a155 aSTORIES & POEMS - VOL I aSTORIES & POEMS - VOL I